02125cam a22005534i 4500003000900000005001700009008004100026035001800067035001800085040003300103049000900136082002100145100003700166245007200203264004000275300004500315336002100360337002500381338002300406490003400429505015500463526001000618526001000628526000900638526000900647526000900656526000900665526000900674526000900683526000900692526000800701526000800709526000800717526000800725526000800733630004300741630004400784630004100828700002400869700001900893910001800912942001400930949019000944994001401134596000601148999022201154980005501376952014001431PE-LiUPU20250731165623.0150616s r 000 0 d a(Sirsi) a6156 a(Sirsi) a6156 aPE-LiUPUbspacPE-LiUPUerda aPRUA04a220.602bB972211 aButtrick, George Arthur,eautor.10aCorinthians Galatians and Ephesians.n10 /cGeorge Arthur Buttrick. 1aNashville :bAbingdon Press,c1953. a749 páginas :bilustraciones ;c25 cm. atext2rdacontent aunmediated2rdamedia avolume2rdacarrier0 aThe Interpreter's Bible ;v100 aThe first epistle to the Corinthians -- The second Epistle to the Corinthians -- The epistle to the Galatians -- The epistle to the Ephesians -- Maps. aSEG44 aSEG26 aP151 aP150 aP149 aP146 aP145 aP126 aP125 aP92 aP75 aP74 aP27 aP15 aBiblia.pN.T.pCorintiosxComentarios. aBiblia.pN.T.PG álatasxComentarios. aBiblia.pN.T.pEfesiosxComentarios.1 aRusssell B., Walter1 aScherer, Paul. ajckbjvqcjck 2ddccBOOK aRC 220.602 B97 10wDEWEYc1i08208lRCmBULr0sYtBOOKu2015-6-16xTEOLOGIAzUNKNOWN0COMPRAo.CIRCNOTE. No olvidar cambiar la fecha de devolución!!!!!!!o.STAFF. Colección General aC0bPEPRU a1 aRC 220.602 B97 10wDEWEYc57259i08208f2021-11-8g6lCCODEBUL1mBULr1sYtBOOKu2015-6-16xTEOLOGIAzUNKNOWN0COMPRAo.CIRCNOTE. No olvidar cambiar la fecha de devolución!!!!!!!o.STAFF. Colección Generald57259 81gALBERTO SANCHEZ Responsable de Automatización r2025-12-02 00:00:00i7l0oRC 220.602 B97 10p08208te1w2015-06-16xFTyREF102ddc50718REFfP35aBULbBULcREFd2015-06-16eCOMPRA